Hướng dẫn học căn bản và nâng cao trình độ tiếng Anh PTCS : Học tốt tiếng Anh 6

Sách là tài liệu tham khảo giúp giáo viên, học sinh trung học cơ sở có thêm tư liệu để dạy và học tốt hơn bộ môn Anh ngữ.

Αποθηκεύτηκε σε:
Λεπτομέρειες βιβλιογραφικής εγγραφής
Κύριος συγγραφέας: Vĩnh Bá
Μορφή: Βιβλίο
Γλώσσα:Undetermined
Έκδοση: Thành phố Hồ Chí Minh Tổng hợp Thành phố Hồ Chí Minh 2006
Θέματα:
Ετικέτες: Προσθήκη ετικέτας
Δεν υπάρχουν, Καταχωρήστε ετικέτα πρώτοι!
Thư viện lưu trữ: Trung tâm Học liệu Trường Đại học Cần Thơ
LEADER 00901nam a2200229Ia 4500
001 CTU_116236
008 210402s9999 xx 000 0 und d
020 |c 15000 
082 |a 428.0712 
082 |b V312/L.6 
100 |a Vĩnh Bá 
245 0 |a Hướng dẫn học căn bản và nâng cao trình độ tiếng Anh PTCS : 
245 0 |b Học tốt tiếng Anh 6 
245 0 |c Vĩnh Bá 
260 |a Thành phố Hồ Chí Minh 
260 |b Tổng hợp Thành phố Hồ Chí Minh 
260 |c 2006 
520 |a Sách là tài liệu tham khảo giúp giáo viên, học sinh trung học cơ sở có thêm tư liệu để dạy và học tốt hơn bộ môn Anh ngữ. 
650 |a English language 
650 |x Study and teaching 
904 |i Tuyến 
980 |a Trung tâm Học liệu Trường Đại học Cần Thơ